"Μάγμα" μια μελέτη παραδείγματος για την ενσωμάτωση της ροκ κουλτούρας στο κοινωνικό τοπίο της Λέσβου : πτυχιακή εργασία

Αποθηκεύτηκε σε:
Λεπτομέρειες βιβλιογραφικής εγγραφής
Κύριος συγγραφέας: Χαραλαμπίδου, Δήμητρα
Συγγραφή απο Οργανισμό/Αρχή: Πανεπιστήμιο Αιγαίου. Σχολή Κοινωνικών Επιστημών. Τμήμα Πολιτισμικής Τεχνολογίας και Επικοινωνίας
Άλλοι συγγραφείς: Μπουμπάρης, Νίκος (dgs [Επιβλέπων καθηγητής])
Μορφή: Thesis Βιβλίο
Γλώσσα:Greek
Δημοσίευση: 2004.
Θέματα:
Διαθέσιμο Online:http://hdl.handle.net/11610/10584
Ετικέτες: Προσθήκη ετικέτας
Δεν υπάρχουν, Καταχωρήστε ετικέτα πρώτοι!

MARC

LEADER 00000cam a2200000 i 4500
001 1/23771
008 060208s2005 gre d
035 |l 10082515 
040 |a GR-MY-UA  |b gre  |e aacr 
041 0 |a gre 
082 0 |a 782.54  |2 (22) 
100 1 |a Χαραλαμπίδου, Δήμητρα. 
245 1 0 |a "Μάγμα" μια μελέτη παραδείγματος για την ενσωμάτωση της ροκ κουλτούρας στο κοινωνικό τοπίο της Λέσβου :   |b πτυχιακή εργασία /   |c Χαραλαμπίδου Δήμητρα ; υπεύθυνος καθηγητής Μπουμπάρης Νικόλαος.  
260 |c 2004.  
300 |a 74 σ. ;   |c 30 εκ.  
502 |a Πτυχιακή εργασία - Πανεπιστήμιο Αιγαίου, Λέσβος, 2004.  
504 |a Βιβλιογραφία: 73-74.  
650 0 0 |a Rock groups  |x Social aspects. 
650 0 0 |a Rock music  |x Social aspects. 
650 0 |a Popular culture  |z Greece  |z Lesbos (Municipality) 
650 0 0 |a Dissertations, Academic  |z Greece. 
700 1 |a Μπουμπάρης, Νίκος,  |e dgs [Επιβλέπων καθηγητής] 
710 2 |a Πανεπιστήμιο Αιγαίου.   |b Σχολή Κοινωνικών Επιστημών.   |b Τμήμα Πολιτισμικής Τεχνολογίας και Επικοινωνίας. 
852 |a INST  |b LESVOS  |c DIATR  |e 20060208  |h 47  |p 005100034361  |q 005100034361  |t DIE  |y 23 
852 |a INST  |b LESVOS  |c DIATR  |e 20060208  |h 48  |p 005100034397  |q 005100034397  |t DIE  |y 23 
856 |u http://hdl.handle.net/11610/10584 
901 |a BIBL1-2006-1 
909 |a Λ  |b 118456 
909 |a Λ  |b 118457 
924 |a ΧΑΡΑΛΑΜΠΙΔΟΥ  |b ΔΗΜΗΤΡΑ  |y ΛΕΣΒΟΣ  |z 2004-11 
970 |a ΜΑΡΙΝΑΤΟΥ  |b ΜΥΡΣΙΝΗ  |z 2006/02/08